[Event "Magyar rapid bajnokság"]
[Site "Ajka"]
[Date "2020.07.17"]
[Round "1.1"]
[White "Berkes, Ferenc"]
[Black "Piroska, Istvan"]
[Result "1-0"]
[WhiteElo "2688"]
[BlackElo "1896"]
[PlyCount "51"]
[EventDate "2020.07.17"]
[EventType "swiss"]
[EventRounds "13"]
[EventCountry "HUN"]

1. d4 d5 2. c4 dxc4 3. Nf3 Nf6 4. e3 e6 5. Bxc4 c5 6. O-O a6 7. Be2 Nc6 8. Ne5
Nxe5 9. dxe5 Qxd1 10. Rxd1 Nd7 11. f4 b5 12. a4 b4 13. Bf3 Rb8 14. Nd2 Nb6 15.
a5 Nd5 16. Nc4 Bb7 17. e4 Nc7 18. Nd6+ Bxd6 19. exd6 Nb5 20. Be3 Kd7 21. Bxc5
b3 22. Rac1 Rhc8 23. Kf2 f6 24. Ke3 Ba8 25. h4 Nc3 26. Rxc3 1-0

[Event "Magyar rapid bajnokság"]
[Site "Ajka"]
[Date "2020.07.17"]
[Round "1.2"]
[White "Paksa, Rudolf"]
[Black "Almasi, Zoltan"]
[Result "0-1"]
[WhiteElo "1895"]
[BlackElo "2678"]
[PlyCount "68"]
[EventDate "2020.07.17"]
[EventType "swiss"]
[EventRounds "13"]
[EventCountry "HUN"]

1. e4 c5 2. Nf3 e6 3. d4 cxd4 4. Nxd4 Nc6 5. Nc3 a6 6. Be3 Nf6 7. a3 Qc7 8. Be2
Be7 9. O-O O-O 10. Qd2 b5 11. f4 Nxd4 12. Qxd4 d6 13. Kh1 Bb7 14. Bf3 Rac8 15.
Rae1 e5 16. Qd3 Qc4 17. Rf2 Rfd8 18. Bb6 Re8 19. Be3 Bf8 20. f5 h6 21. h3 Red8
22. Bb6 Rd7 23. Rd2 Qxd3 24. Rxd3 Rc4 25. Kh2 Be7 26. Bf2 Bd8 27. g4 Ba5 28. h4
Bxc3 29. bxc3 Bxe4 30. Bxe4 Nxe4 31. Bg3 f6 32. g5 hxg5 33. hxg5 Nxg5 34. Red1
Ne4 0-1

[Event "Magyar rapid bajnokság"]
[Site "Ajka"]
[Date "2020.07.17"]
[Round "1.3"]
[White "Balogh, Csaba"]
[Black "Reviczki, Roland"]
[Result "1-0"]
[WhiteElo "2653"]
[BlackElo "1889"]
[PlyCount "59"]
[EventDate "2020.07.17"]
[EventType "swiss"]
[EventRounds "13"]
[EventCountry "HUN"]

1. e4 c5 2. Nf3 Nc6 3. Bb5 g6 4. Bxc6 dxc6 5. d3 Bg7 6. h3 Nf6 7. Nc3 O-O 8.
Bf4 Nd7 9. Qd2 e5 10. Bh6 Qc7 11. O-O Re8 12. Bxg7 Kxg7 13. Nh2 Nf8 14. f4 exf4
15. Rxf4 Ne6 16. Rf2 Nd4 17. Raf1 Be6 18. Nd1 Rad8 19. Ne3 h5 20. c3 Nb5 21.
Nf5+ Kg8 22. Qh6 Qe5 23. Nf3 Qh8 24. Qg5 Bxf5 25. exf5 Rd5 26. Nh4 Qg7 27. c4
f6 28. Qxg6 Qxg6 29. fxg6 Rd4 30. Nf5 1-0

[Event "Magyar rapid bajnokság"]
[Site "Ajka"]
[Date "2020.07.17"]
[Round "1.4"]
[White "Werner, Anna"]
[Black "Balog, Imre"]
[Result "0-1"]
[WhiteElo "1887"]
[BlackElo "2626"]
[PlyCount "60"]
[EventDate "2020.07.17"]
[EventType "swiss"]
[EventRounds "13"]
[EventCountry "HUN"]

1. d4 Nf6 2. c4 e6 3. Nf3 b6 4. e3 Bb7 5. Bd3 Bb4+ 6. Bd2 Qe7 7. a3 Bxd2+ 8.
Nbxd2 c5 9. O-O d6 10. Qe2 O-O 11. e4 cxd4 12. Nxd4 Nbd7 13. b4 g6 14. Rac1 a5
15. Nb5 axb4 16. axb4 Ra4 17. Ra1 Rfa8 18. Rxa4 Rxa4 19. Rb1 Ne5 20. f4 Nc6 21.
e5 dxe5 22. fxe5 Ne8 23. Be4 Rxb4 24. Rxb4 Qxb4 25. Nf3 Na5 26. Bxb7 Nxb7 27.
Nfd4 Na5 28. Kf2 Nxc4 29. Na7 Qc5 30. Nac6 Na5 0-1

[Event "Magyar rapid bajnokság"]
[Site "Ajka"]
[Date "2020.07.17"]
[Round "1.5"]
[White "Banusz, Tamas"]
[Black "Juhasz, Judit"]
[Result "1-0"]
[WhiteElo "2614"]
[BlackElo "1885"]
[PlyCount "71"]
[EventDate "2020.07.17"]
[EventType "swiss"]
[EventRounds "13"]
[EventCountry "HUN"]

1. d4 Nf6 2. Nf3 g6 3. g3 Bg7 4. Bg2 O-O 5. O-O d6 6. c4 Nc6 7. Nc3 e5 8. dxe5
dxe5 9. Bg5 Be6 10. Nd2 h6 11. Bxf6 Bxf6 12. Nde4 Bg7 13. Nc5 Qc8 14. Qa4 Rb8
15. Rfd1 Nd4 16. e3 Nf5 17. Qxa7 Nd6 18. Qa4 Bxc4 19. Rac1 b6 20. N5e4 Nxe4 21.
Nxe4 b5 22. Qb4 Rd8 23. b3 Be2 24. Rd2 Bf8 25. Qc3 Rxd2 26. Qxd2 Bg4 27. Nf6+
Kg7 28. Nxg4 Qxg4 29. Rxc7 Bb4 30. Qd5 Qf5 31. Be4 Qf6 32. Rxf7+ Qxf7 33. Qxe5+
Qf6 34. Qxb8 Qa1+ 35. Kg2 Be7 36. Bd5 1-0

[Event "Magyar rapid bajnokság"]
[Site "Ajka"]
[Date "2020.07.17"]
[Round "1.6"]
[White "Majoros, Rozsa Evelin"]
[Black "Papp, Gabor"]
[Result "0-1"]
[WhiteElo "1879"]
[BlackElo "2603"]
[PlyCount "84"]
[EventDate "2020.07.17"]
[EventType "swiss"]
[EventRounds "13"]
[EventCountry "HUN"]

1. e4 g6 2. d4 Bg7 3. Nc3 d6 4. f4 c6 5. Nf3 Nd7 6. Bd3 b5 7. a3 a6 8. O-O c5
9. Be3 Ngf6 10. h3 cxd4 11. Nxd4 Bb7 12. Qd2 O-O 13. Rae1 Rc8 14. Bf2 Nc5 15.
f5 Qc7 16. Qf4 e5 17. fxe6 fxe6 18. Qd2 e5 19. Nf3 Nh5 20. a4 Nxd3 21. cxd3 b4
22. Ne2 a5 23. Rc1 Qd7 24. b3 d5 25. Bb6 Ba6 26. Qe3 d4 27. Qd2 Rc3 28. Nxc3
bxc3 29. Qc2 Bh6 30. Nxe5 Be3+ 31. Kh2 Rxf1 32. Rxf1 Qd6 33. g3 Qxe5 34. Rf3
Bd2 35. Bd8 Nxg3 36. Rxg3 Be1 37. Bh4 Qf4 38. Qg2 Bxd3 39. e5 Be4 40. Qg1 Bxg3+
41. Bxg3 Qd2+ 42. Bf2 c2 0-1

[Event "Magyar rapid bajnokság"]
[Site "Ajka"]
[Date "2020.07.17"]
[Round "1.7"]
[White "Erdos, Viktor"]
[Black "Tancsa, Tamas"]
[Result "1-0"]
[WhiteElo "2580"]
[BlackElo "1864"]
[PlyCount "59"]
[EventDate "2020.07.17"]
[EventType "swiss"]
[EventRounds "13"]
[EventCountry "HUN"]

1. Nf3 Nf6 2. c4 g6 3. Nc3 Bg7 4. g3 O-O 5. Bg2 d6 6. d4 Nbd7 7. O-O e5 8. Qc2
c6 9. Rd1 Qe7 10. b3 Rd8 11. e4 h6 12. h3 Kh8 13. Be3 exd4 14. Nxd4 c5 15. Nde2
Ne5 16. Rd2 Bxh3 17. Bxh3 Nf3+ 18. Kg2 Nxd2 19. Qxd2 Nxe4 20. Qd3 Re8 21. Rd1
Nxc3 22. Nxc3 Rad8 23. Nd5 Qe4+ 24. Qxe4 Rxe4 25. Kf3 f5 26. Nf4 Kh7 27. Bxc5
Be5 28. Be3 Rc8 29. Ke2 Kg7 30. f3 1-0

[Event "Magyar rapid bajnokság"]
[Site "Ajka"]
[Date "2020.07.17"]
[Round "1.8"]
[White "Palczert, Matyas"]
[Black "Antal, Gergely"]
[Result "0-1"]
[WhiteElo "1863"]
[BlackElo "2537"]
[PlyCount "56"]
[EventDate "2020.07.17"]
[EventType "swiss"]
[EventRounds "13"]
[EventCountry "HUN"]

1. e4 c5 2. Nf3 Nc6 3. d4 cxd4 4. Nxd4 Nf6 5. Nc3 Qb6 6. Ndb5 a6 7. Na3 e6 8.
Nc4 Qc7 9. Be3 b5 10. Nb6 Rb8 11. Nxc8 Rxc8 12. Bd3 Ne5 13. f3 Nc4 14. Bxc4
Qxc4 15. e5 b4 16. exf6 bxc3 17. b3 Qh4+ 18. Ke2 gxf6 19. Qd3 Rc6 20. Rad1 d5
21. g4 h5 22. Bf2 Qh3 23. g5 fxg5 24. Qd4 Rh6 25. Qa7 Bd6 26. Rdg1 Qf5 27. Rc1
Rf6 28. Qe3 Bf4 0-1

[Event "Magyar rapid bajnokság"]
[Site "Ajka"]
[Date "2020.07.17"]
[Round "1.9"]
[White "Nagy, Gabor"]
[Black "Papp, Bence"]
[Result "1-0"]
[WhiteElo "2523"]
[BlackElo "1858"]
[PlyCount "61"]
[EventDate "2020.07.17"]
[EventType "swiss"]
[EventRounds "13"]
[EventCountry "HUN"]

1. Nf3 Nf6 2. d4 b6 3. e3 Bb7 4. Bd3 g6 5. O-O Bg7 6. c4 O-O 7. Nc3 d5 8. Qe2
e6 9. b3 Nbd7 10. Bb2 Re8 11. Rfd1 a5 12. Rac1 Ne4 13. cxd5 Nxc3 14. Rxc3 e5
15. Bb5 e4 16. Ne5 Nxe5 17. Bxe8 Ba6 18. Bb5 Nf3+ 19. gxf3 exf3 20. Qxf3 Bxb5
21. e4 a4 22. b4 Qe7 23. a3 Re8 24. e5 f6 25. d6 cxd6 26. Qd5+ Qe6 27. Qxe6+
Rxe6 28. Rc8+ Kf7 29. d5 Re8 30. e6+ Kf8 31. Rdc1 1-0

[Event "Magyar rapid bajnokság"]
[Site "Ajka"]
[Date "2020.07.17"]
[Round "1.10"]
[White "Kaloczi, Kristof"]
[Black "Czebe, Attila"]
[Result "0-1"]
[WhiteElo "1852"]
[BlackElo "2517"]
[PlyCount "74"]
[EventDate "2020.07.17"]
[EventType "swiss"]
[EventRounds "13"]
[EventCountry "HUN"]

1. e4 c5 2. c3 Nf6 3. e5 Nd5 4. Nf3 Nc6 5. Bc4 Nb6 6. Bb3 g6 7. d4 cxd4 8. cxd4
Bg7 9. O-O O-O 10. Bf4 d6 11. h3 dxe5 12. dxe5 Qxd1 13. Rxd1 Be6 14. Nc3 Bxb3
15. axb3 Rfd8 16. Kf1 Rxd1+ 17. Rxd1 Na5 18. b4 Nc6 19. b5 Na5 20. Nd5 Nac4 21.
b3 Nxd5 22. Rxd5 Nb6 23. Rc5 Rd8 24. Ke2 Nd5 25. Bd2 f6 26. e6 h5 27. Rc4 Rd6
28. Nd4 Nb6 29. Rb4 f5 30. Nf3 Rxe6+ 31. Kf1 Rd6 32. g4 hxg4 33. hxg4 e5 34.
Ke2 e4 35. Ne1 Rd7 36. gxf5 gxf5 37. f3 Bf8 0-1

[Event "Magyar rapid bajnokság"]
[Site "Ajka"]
[Date "2020.07.17"]
[Round "1.11"]
[White "Mihok, Oliver"]
[Black "Lehocz, Jozsef"]
[Result "1-0"]
[WhiteElo "2508"]
[BlackElo "1848"]
[PlyCount "73"]
[EventDate "2020.07.17"]
[EventType "swiss"]
[EventRounds "13"]
[EventCountry "HUN"]

1. e4 Nf6 2. e5 Nd5 3. c4 Nb6 4. d4 d6 5. exd6 cxd6 6. Nc3 g6 7. Be3 Bg7 8. Rc1
O-O 9. b3 Nc6 10. d5 Ne5 11. Be2 f5 12. Nh3 h6 13. O-O Nbd7 14. Qd2 Kh7 15. Bd4
Nf6 16. Nf4 g5 17. Nd3 Ng6 18. f4 g4 19. Nf2 h5 20. Bd3 h4 21. Rfe1 Nh5 22.
Bxg7 Kxg7 23. Ne2 Qb6 24. g3 hxg3 25. hxg3 Bd7 26. Kg2 Rh8 27. b4 e5 28. c5 Qc7
29. Qc3 Kf7 30. fxe5 Nxe5 31. Rh1 dxc5 32. bxc5 Rae8 33. Nf4 Nxf4+ 34. gxf4 Ng6
35. Nxg4 Re2+ 36. Bxe2 fxg4 37. Rxh8 1-0

[Event "Magyar rapid bajnokság"]
[Site "Ajka"]
[Date "2020.07.17"]
[Round "1.12"]
[White "Tamasi, Zoltan"]
[Black "Aczel, Gergely"]
[Result "0-1"]
[WhiteElo "1846"]
[BlackElo "2506"]
[PlyCount "64"]
[EventDate "2020.07.17"]
[EventType "swiss"]
[EventRounds "13"]
[EventCountry "HUN"]

1. e4 c5 2. Nf3 d6 3. d4 cxd4 4. Nxd4 Nf6 5. Nc3 a6 6. g3 e5 7. Nde2 Be7 8. Bg2
b5 9. O-O Bb7 10. a3 O-O 11. h3 Nbd7 12. Be3 Nb6 13. f4 Nc4 14. Bc1 Rc8 15. Kh2
Qc7 16. b3 Nb6 17. Bb2 Rfd8 18. Qc1 h6 19. Qe3 Re8 20. Rad1 Nbd7 21. Rd2 Bf8
22. f5 Qb6 23. Qxb6 Nxb6 24. Rfd1 Rc7 25. g4 Rec8 26. Bf3 g5 27. Rd3 Be7 28.
Nc1 Nbd7 29. N1a2 Nc5 30. Re3 Ncxe4 31. Re2 Nxc3 32. Nxc3 Bxf3 0-1

[Event "Magyar rapid bajnokság"]
[Site "Ajka"]
[Date "2020.07.17"]
[Round "1.13"]
[White "Horvath, Adam"]
[Black "Kocsis, Soma"]
[Result "1-0"]
[WhiteElo "2496"]
[BlackElo "1840"]
[PlyCount "47"]
[EventDate "2020.07.17"]
[EventType "swiss"]
[EventRounds "13"]
[EventCountry "HUN"]

1. e4 e6 2. d4 d5 3. Nd2 dxe4 4. Nxe4 Bd7 5. Nf3 Bc6 6. Bd3 Nd7 7. Qe2 Ngf6 8.
Neg5 Bxf3 9. Nxf3 c5 10. Bd2 Qb6 11. O-O-O cxd4 12. Rhg1 Bb4 13. Bxb4 Qxb4 14.
g4 Nd5 15. Bb5 d3 16. Bxd7+ Kxd7 17. Rxd3 Rhd8 18. Rgd1 Kc7 19. c4 Qc5 20. Qe5+
Kb6 21. Kb1 Qxc4 22. Rb3+ Ka6 23. Rc1 Qf4 24. Qe2+ 1-0

[Event "Magyar rapid bajnokság"]
[Site "Ajka"]
[Date "2020.07.17"]
[Round "1.14"]
[White "Nagy, Miklos"]
[Black "Horvath, Peter"]
[Result "1/2-1/2"]
[WhiteElo "1829"]
[BlackElo "2466"]
[PlyCount "100"]
[EventDate "2020.07.17"]
[EventType "swiss"]
[EventRounds "13"]
[EventCountry "HUN"]

1. e4 c5 2. Nf3 Nc6 3. d4 cxd4 4. Nxd4 e5 5. Nb5 d6 6. N1c3 a6 7. Na3 Be7 8.
Nd5 Nf6 9. Nxe7 Nxe7 10. Bd3 d5 11. Qe2 O-O 12. O-O dxe4 13. Bxe4 Nxe4 14. Qxe4
Qc7 15. Re1 f6 16. Qc4+ Qxc4 17. Nxc4 Be6 18. Ne3 Rfd8 19. b3 Nf5 20. Nxf5 Bxf5
21. c4 Rd3 22. Be3 Rad8 23. Kf1 e4 24. Ke2 Bg4+ 25. f3 exf3+ 26. gxf3 Bh5 27.
Rg1 Kf7 28. Rg3 g5 29. h4 gxh4 30. Rh3 Bg6 31. Kf2 Re8 32. Re1 Rc3 33. Rxh4 Bd3
34. Rd4 Rc2+ 35. Kg3 Bf5 36. Kf4 Re5 37. Rd6 Rxa2 38. Rxf6+ Kxf6 39. Bd4 Kf7
40. Rxe5 Bc2 41. Rc5 Bxb3 42. Rc7+ Ke6 43. Rxb7 Bxc4 44. Rxh7 a5 45. Rh5 a4 46.
Re5+ Kd6 47. Bc5+ Kc6 48. Bf8 Bd5 49. Kg3 Ra1 50. Re3 Rg1+ 1/2-1/2

[Event "Magyar rapid bajnokság"]
[Site "Ajka"]
[Date "2020.07.17"]
[Round "1.15"]
[White "Bagi, Mate"]
[Black "Kolimar, Kristof Pal"]
[Result "1-0"]
[WhiteElo "2462"]
[BlackElo "1824"]
[PlyCount "57"]
[EventDate "2020.07.17"]
[EventType "swiss"]
[EventRounds "13"]
[EventCountry "HUN"]

1. e4 c5 2. Nf3 e6 3. d4 cxd4 4. Nxd4 a6 5. Be2 Qc7 6. Nc3 Nf6 7. f4 Bb4 8. e5
Bxc3+ 9. bxc3 Qxc3+ 10. Qd2 Qxd2+ 11. Bxd2 Nd5 12. c4 Nc7 13. Ba5 Kd8 14. Bf3
Nc6 15. Nxc6+ bxc6 16. Rb1 Ra7 17. Ke2 Rb7 18. Rhd1 f6 19. Ke3 Rf8 20. Bb4 Rf7
21. Bxc6 Rb6 22. Be4 f5 23. Bf3 Bb7 24. Be7+ Rxe7 25. Rxb6 Bc8 26. Rb8 Ne8 27.
Rdb1 Kc7 28. Ra8 d6 29. Rbb8 1-0

[Event "Magyar rapid bajnokság"]
[Site "Ajka"]
[Date "2020.07.17"]
[Round "1.16"]
[White "Soos, David"]
[Black "Seres, Lajos"]
[Result "0-1"]
[WhiteElo "1823"]
[BlackElo "2455"]
[PlyCount "40"]
[EventDate "2020.07.17"]
[EventType "swiss"]
[EventRounds "13"]
[EventCountry "HUN"]

1. d4 Nf6 2. Nf3 d5 3. g3 c5 4. Bg2 cxd4 5. Nxd4 e5 6. Nf3 Nc6 7. O-O Be7 8.
Bg5 O-O 9. c3 Be6 10. Nbd2 h6 11. Bxf6 Bxf6 12. Nb3 Qb6 13. Rc1 Rfd8 14. Nfd2
a5 15. a4 Rac8 16. e3 d4 17. cxd4 exd4 18. exd4 Nxd4 19. Rxc8 Bxc8 20. Nxd4
Qxd4 0-1

[Event "Magyar rapid bajnokság"]
[Site "Ajka"]
[Date "2020.07.17"]
[Round "1.17"]
[White "Kaczur, Florian"]
[Black "Forgacs, Attila Jr"]
[Result "1-0"]
[WhiteElo "2454"]
[BlackElo "1818"]
[PlyCount "67"]
[EventDate "2020.07.17"]
[EventType "swiss"]
[EventRounds "13"]
[EventCountry "HUN"]

1. e4 e5 2. Nf3 Nc6 3. a3 Nf6 4. d3 d5 5. exd5 Nxd5 6. c4 Nf6 7. Nc3 Bg4 8. Be2
a5 9. O-O Bc5 10. Be3 Bxe3 11. fxe3 O-O 12. h3 Bh5 13. Nh4 Bxe2 14. Qxe2 Ne7
15. Rxf6 gxf6 16. Rf1 Ng6 17. Nf5 Re8 18. Ne4 Re6 19. Qh5 Kh8 20. Nh6 Qe7 21.
Ng4 Raa6 22. b4 axb4 23. axb4 b5 24. Nc5 bxc4 25. dxc4 Rac6 26. Nxe6 Rxe6 27.
c5 Qd8 28. Nh6 Qf8 29. Rd1 Re8 30. Kh2 Ne7 31. Nxf7+ Kg7 32. Nh6 Ng6 33. Rd7+
Re7 34. Nf5+ 1-0

[Event "Magyar rapid bajnokság"]
[Site "Ajka"]
[Date "2020.07.17"]
[Round "1.18"]
[White "Gaal, Zsoka"]
[Black "Ruck, Robert"]
[Result "1/2-1/2"]
[WhiteElo "1816"]
[BlackElo "2453"]
[PlyCount "64"]
[EventDate "2020.07.17"]
[EventType "swiss"]
[EventRounds "13"]
[EventCountry "HUN"]

1. Nf3 g6 2. d4 Nf6 3. g3 Bg7 4. Bg2 d5 5. O-O O-O 6. c4 dxc4 7. Na3 Nc6 8.
Nxc4 Be6 9. b3 a5 10. Bb2 Bd5 11. Nfe5 Bxg2 12. Kxg2 Nxe5 13. Nxe5 c6 14. Qc2
Nd7 15. Nxd7 Qxd7 16. Rfd1 Rfd8 17. Rd2 e6 18. Rad1 Qe7 19. f3 a4 20. e4 axb3
21. Qxb3 Rd7 22. d5 exd5 23. Bxg7 Kxg7 24. exd5 cxd5 25. Rxd5 Rxd5 26. Rxd5
Qe2+ 27. Kg1 Rxa2 28. Qc3+ Kh6 29. Qc1+ Kg7 30. Qc3+ Kh6 31. Qc1+ Kg7 32. Qc3+
Kh6 1/2-1/2

[Event "Magyar rapid bajnokság"]
[Site "Ajka"]
[Date "2020.07.17"]
[Round "1.19"]
[White "Horvath, Jozsef"]
[Black "Karacsonyi, Kata"]
[Result "1-0"]
[WhiteElo "2438"]
[BlackElo "1813"]
[PlyCount "55"]
[EventDate "2020.07.17"]
[EventType "swiss"]
[EventRounds "13"]
[EventCountry "HUN"]

1. c4 Nf6 2. Nc3 e6 3. Nf3 c5 4. g3 d5 5. cxd5 exd5 6. d4 Nc6 7. Bg2 Be7 8. O-O
O-O 9. Bg5 c4 10. Ne5 Be6 11. Rc1 h6 12. Bxf6 Bxf6 13. f4 Bxe5 14. dxe5 d4 15.
Ne4 Bd5 16. Nd6 Bxg2 17. Kxg2 b5 18. b3 c3 19. e3 b4 20. exd4 Qb6 21. d5 Nd4
22. Qd3 a6 23. Rfd1 Nb5 24. Nf5 Rfd8 25. Qf3 Ra7 26. d6 Qb7 27. Ne7+ Kf8 28.
Nc6 1-0

[Event "Magyar rapid bajnokság"]
[Site "Ajka"]
[Date "2020.07.17"]
[Round "1.20"]
[White "Kratzmajer, Akos Gyorgy"]
[Black "Kozak, Adam"]
[Result "0-1"]
[WhiteElo "1799"]
[BlackElo "2438"]
[PlyCount "84"]
[EventDate "2020.07.17"]
[EventType "swiss"]
[EventRounds "13"]
[EventCountry "HUN"]

1. e4 e5 2. Nf3 Nc6 3. Nc3 Nf6 4. d4 exd4 5. Nxd4 Bc5 6. Be3 Bb6 7. Qd2 Ng4 8.
Nxc6 bxc6 9. Bxb6 axb6 10. Bc4 d6 11. h3 Ne5 12. Bb3 O-O 13. O-O-O b5 14. f4
Nd7 15. e5 d5 16. Qe3 Qe7 17. Kb1 Nb6 18. g4 b4 19. Ne2 c5 20. c3 bxc3 21. Qxc3
d4 22. Qd3 Ba6 23. Qe4 c4 24. Nxd4 cxb3 25. axb3 c5 26. Nf5 Qa7 27. Nxg7 Kxg7
28. Qf5 Qe7 29. Rd6 Rab8 30. Qh5 Kh8 31. Qh6 Bb7 32. Rhd1 Be4+ 33. Kc1 c4 34.
Rxb6 cxb3 35. Rdd6 Rxb6 36. Rxb6 Qc5+ 37. Kd2 Qd4+ 38. Ke2 Qd3+ 39. Kf2 Qd2+
40. Kf1 Bd3+ 41. Kg1 Qe1+ 42. Kg2 Be4+ 0-1

[Event "Magyar rapid bajnokság"]
[Site "Ajka"]
[Date "2020.07.17"]
[Round "1.21"]
[White "Korpa, Bence"]
[Black "Karikas, Marianna"]
[Result "1-0"]
[WhiteElo "2427"]
[BlackElo "1790"]
[PlyCount "45"]
[EventDate "2020.07.17"]
[EventType "swiss"]
[EventRounds "13"]
[EventCountry "HUN"]

1. e4 g6 2. d4 d6 3. Nc3 Bg7 4. g3 Nd7 5. Bg2 e5 6. Nge2 Ngf6 7. O-O O-O 8. h3
Nb6 9. f4 Qe7 10. b3 c5 11. fxe5 dxe5 12. d5 c4 13. Be3 Qd8 14. Kh2 Bd7 15. Qd2
Rc8 16. Bg5 Qc7 17. Bxf6 Bxf6 18. Rxf6 Kg7 19. Rf2 f5 20. exf5 Bxf5 21. Raf1
Qd7 22. b4 Rce8 23. g4 1-0

[Event "Magyar rapid bajnokság"]
[Site "Ajka"]
[Date "2020.07.17"]
[Round "1.22"]
[White "Sarmasi, Peter"]
[Black "Mester, Gyula"]
[Result "0-1"]
[WhiteElo "1779"]
[BlackElo "2426"]
[PlyCount "58"]
[EventDate "2020.07.17"]
[EventType "swiss"]
[EventRounds "13"]
[EventCountry "HUN"]

1. e4 c5 2. Nf3 Nc6 3. d3 e6 4. Nbd2 Nf6 5. g3 d5 6. Bg2 Be7 7. O-O O-O 8. Re1
Qc7 9. e5 Nd7 10. Qe2 b5 11. Nf1 a5 12. h4 f5 13. Bf4 Nb6 14. c3 b4 15. Ng5
Bxg5 16. Bxg5 Rb8 17. Bf4 Bd7 18. Ne3 d4 19. Nd5 Nxd5 20. Bxd5 bxc3 21. bxc3
dxc3 22. Bxc6 Bxc6 23. Qc2 Qd7 24. Qxc3 Qd5 25. Kf1 Rfd8 26. Rad1 Qg2+ 27. Ke2
Bf3+ 28. Kd2 Qxf2+ 29. Kc1 Qxa2 0-1

[Event "Magyar rapid bajnokság"]
[Site "Ajka"]
[Date "2020.07.17"]
[Round "1.23"]
[White "Kantor, Gergely"]
[Black "Geher, Koppany"]
[Result "1/2-1/2"]
[WhiteElo "2424"]
[BlackElo "1776"]
[PlyCount "96"]
[EventDate "2020.07.17"]
[EventType "swiss"]
[EventRounds "13"]
[EventCountry "HUN"]

1. d4 d5 2. c4 dxc4 3. e4 e5 4. Nf3 Bb4+ 5. Nc3 exd4 6. Nxd4 Ne7 7. Bf4 a6 8.
Bxc4 Nbc6 9. Nxc6 Nxc6 10. Qxd8+ Nxd8 11. Bxc7 Be6 12. Bxe6 Nxe6 13. Bb6 Rc8
14. Rc1 Ke7 15. Ke2 Bxc3 16. bxc3 Rc6 17. Ba5 Rhc8 18. Rhd1 Ke8 19. Rb1 Nc5 20.
Rd4 b5 21. Rbd1 Nb7 22. Bb4 a5 23. Ba3 Rxc3 24. Bb2 Rc2+ 25. R1d2 f6 26. g4
R8c4 27. Rxc4 Rxc4 28. f3 Ke7 29. h4 Nc5 30. Ke3 Na4 31. Bd4 b4 32. g5 Nc3 33.
gxf6+ gxf6 34. Rg2 Kf7 35. h5 Nb5 36. Bb6 a4 37. h6 b3 38. axb3 axb3 39. Rb2
Rc3+ 40. Kd2 Rxf3 41. Be3 Nd6 42. Rxb3 Nc4+ 43. Ke2 Rxe3+ 44. Rxe3 Nxe3 45.
Kxe3 Kg6 46. Kf4 Kxh6 47. Kf5 Kg7 48. e5 fxe5 1/2-1/2

[Event "Magyar rapid bajnokság"]
[Site "Ajka"]
[Date "2020.07.17"]
[Round "1.24"]
[White "Palczert, Botond"]
[Black "Fancsy, Imre"]
[Result "0-1"]
[WhiteElo "1769"]
[BlackElo "2414"]
[PlyCount "24"]
[EventDate "2020.07.17"]
[EventType "swiss"]
[EventRounds "13"]
[EventCountry "HUN"]

1. d4 d5 2. c4 dxc4 3. e3 a6 4. Bxc4 e6 5. Nf3 c5 6. O-O Nf6 7. a4 Nc6 8. Nc3
Be7 9. dxc5 Qc7 10. Qe2 Bxc5 11. e4 Ng4 12. h3 Nd4 0-1

[Event "Magyar rapid bajnokság"]
[Site "Ajka"]
[Date "2020.07.17"]
[Round "1.25"]
[White "Meszaros, Tamas"]
[Black "Purak, Zoltan"]
[Result "1-0"]
[WhiteElo "2401"]
[BlackElo "1762"]
[PlyCount "44"]
[EventDate "2020.07.17"]
[EventType "swiss"]
[EventRounds "13"]
[EventCountry "HUN"]

1. e4 c6 2. d4 d5 3. e5 Bf5 4. Nf3 e6 5. Be2 c5 6. Be3 Nc6 7. O-O Qb6 8. Nc3 c4
9. b3 cxb3 10. axb3 a6 11. Nh4 Bg6 12. f4 Be7 13. Nxg6 hxg6 14. Na4 Qa5 15. c4
b5 16. Nc5 Qd8 17. cxb5 Bxc5 18. dxc5 axb5 19. Bxb5 Nge7 20. f5 gxf5 21. Bg5
Rxa1 22. Qxa1 Qc8 1-0

[Event "Magyar rapid bajnokság"]
[Site "Ajka"]
[Date "2020.07.17"]
[Round "2.1"]
[White "Kovacs, Klara"]
[Black "Berkes, Ferenc"]
[Result "0-1"]
[WhiteElo "2196"]
[BlackElo "2688"]
[PlyCount "96"]
[EventDate "2020.07.17"]
[EventType "swiss"]
[EventRounds "13"]
[EventCountry "HUN"]

1. Nf3 d5 2. g3 Nd7 3. Bg2 e5 4. d3 Ngf6 5. O-O c6 6. Nbd2 Bd6 7. e4 O-O 8. Qe2
Re8 9. Rd1 Nf8 10. h3 Ng6 11. c4 d4 12. Nf1 a5 13. Bg5 h6 14. Bxf6 Qxf6 15.
Rdc1 a4 16. c5 Bf8 17. h4 Ra5 18. h5 Nh8 19. Qd2 Rxc5 20. Rxc5 Bxc5 21. Qc2 Bf8
22. Qxa4 Bg4 23. N1d2 Bxh5 24. Qb3 Re7 25. a4 Bg4 26. a5 Bc8 27. Qc2 Ng6 28. b4
Re8 29. Rb1 Bd7 30. Nc4 Rd8 31. Nb6 Be8 32. Na4 h5 33. Nc5 Rb8 34. Qc4 h4 35.
Nxh4 Nxh4 36. gxh4 Qxh4 37. Qc2 g6 38. Qe2 Bd6 39. Qf3 Qe7 40. Rc1 b6 41. Na4
bxa5 42. bxa5 Ra8 43. Nb6 Rxa5 44. Nc4 Ra8 45. Rb1 Bc7 46. Bh3 c5 47. Kg2 Kg7
48. Nb6 Rb8 0-1

[Event "Magyar rapid bajnokság"]
[Site "Ajka"]
[Date "2020.07.17"]
[Round "2.2"]
[White "Almasi, Zoltan"]
[Black "Balint, Vilmos"]
[Result "1-0"]
[WhiteElo "2678"]
[BlackElo "2187"]
[PlyCount "99"]
[EventDate "2020.07.17"]
[EventType "swiss"]
[EventRounds "13"]
[EventCountry "HUN"]

1. Nf3 Nf6 2. c4 c5 3. Nc3 g6 4. g3 Bg7 5. Bg2 O-O 6. O-O Nc6 7. d4 cxd4 8.
Nxd4 Rb8 9. Bf4 Ra8 10. Rc1 Nxd4 11. Qxd4 d6 12. Qd2 Be6 13. b3 Qd7 14. Rfd1
Rfd8 15. Qe3 Nh5 16. Bg5 f6 17. Bh6 Bxh6 18. Qxh6 Rac8 19. Qe3 b6 20. Nb5 Ng7
21. a4 Rc5 22. Ra1 Nf5 23. Qe4 a6 24. Nc3 Bf7 25. Qd3 Kg7 26. Ne4 Rc7 27. a5
Rb8 28. axb6 Rxb6 29. Ra5 Qc8 30. Rda1 Be6 31. Nd2 Rc5 32. R5a3 h5 33. h4 Nh6
34. Ne4 Bf5 35. Qd4 Bxe4 36. Qxe4 Re5 37. Qd4 Qb8 38. Qd3 Ng4 39. Bd5 e6 40.
Bf3 f5 41. Rxa6 Rxb3 42. Ra7+ Kf6 43. Qd2 f4 44. Bxg4 hxg4 45. Qxf4+ Rf5 46.
Qd4+ e5 47. Qd5 Rb1+ 48. Kg2 Rxf2+ 49. Kxf2 Qb6+ 50. c5 1-0

[Event "Magyar rapid bajnokság"]
[Site "Ajka"]
[Date "2020.07.17"]
[Round "2.3"]
[White "Rigo, Janos"]
[Black "Balogh, Csaba"]
[Result "0-1"]
[WhiteElo "2183"]
[BlackElo "2653"]
[PlyCount "53"]
[EventDate "2020.07.17"]
[EventType "swiss"]
[EventRounds "13"]
[EventCountry "HUN"]

1. e4 c5 2. Nf3 e6 3. d4 cxd4 4. Nxd4 a6 5. Nc3 b5 6. Bd3 Bb7 7. O-O Nc6 8.
Nxc6 Bxc6 9. Re1 Bc5 10. Qf3 Ne7 11. Qg3 Ng6 12. Bg5 f6 13. Bd2 O-O 14. h4 Qb8
15. Qxb8 Raxb8 16. g3 Ne5 17. Be3 Nf3+ 18. Kf1 Nxe1 19. Bxc5 Nxd3 20. Bxf8 Nxb2
21. Bd6 Rc8 22. f3 Bb7 23. Bb4 a5 24. Bxa5 Nc4 25. Bb4 Ne3+ 26. Kf2 Nxc2 27.
Ba5 0-1

[Event "Magyar rapid bajnokság"]
[Site "Ajka"]
[Date "2020.07.17"]
[Round "2.4"]
[White "Balog, Imre"]
[Black "Terbe, Julianna"]
[Result "1-0"]
[WhiteElo "2626"]
[BlackElo "2182"]
[PlyCount "61"]
[EventDate "2020.07.17"]
[EventType "swiss"]
[EventRounds "13"]
[EventCountry "HUN"]

1. d4 d5 2. Nf3 Nf6 3. c4 c6 4. Nc3 dxc4 5. a4 Bf5 6. Ne5 Nbd7 7. Nxc4 Qc7 8.
g3 e5 9. dxe5 Nxe5 10. Bf4 Nfd7 11. Bg2 f6 12. a5 Rd8 13. Nxe5 Nxe5 14. Qb3 a6
15. Bxe5 fxe5 16. Be4 Bh3 17. Bd3 Bc5 18. Ne4 Bg2 19. Nxc5 Bxh1 20. f3 Rd5 21.
Ne4 Bg2 22. Bc4 Rxa5 23. Rd1 Bh3 24. g4 Rf8 25. Nd6+ Ke7 26. Nxb7 Rb8 27. Qb4+
c5 28. Qxa5 Rxb7 29. Qxc7+ Rxc7 30. Kf2 h5 31. Kg3 1-0